| 000 | 00901nam a22002777a 4500 | ||
|---|---|---|---|
| 003 | URS | ||
| 005 | 20240716213559.0 | ||
| 008 | 240530t2020 nyu||||| |||| 00| 0 eng d | ||
| 020 | _a9780367196509 | ||
| 040 |
_aDLC _beng _cDLC _dDLC _dURS _erda |
||
| 082 |
_a428.0071 _bM1172 2020 |
||
| 100 |
_aMacalister, John. _eauthor |
||
| 245 |
_aLanguage curriculum design/ _cJohn Macalister, I.S.P. Nation. |
||
| 264 |
_aNew York: _bRoutledge: _c[2020] |
||
| 300 |
_axiii, 259 pages; _c23 cm. |
||
| 336 |
_2rdacontent _atext _btxt |
||
| 337 |
_2rdamedia _aunmediated _bn |
||
| 338 |
_2rdacarrier _avolume _bnc |
||
| 504 | _aIncludes bibliographical references (pages 240-259) and index. | ||
| 650 |
_aLanguage arts _xCurricula |
||
| 650 | _aCurriculum planning | ||
| 650 |
_aLanguage and languages _xStudy and teaching |
||
| 650 | _aEducational design | ||
| 700 |
_aI.S.P. Nation. _eauthor |
||
| 942 |
_2ddc _cFR |
||
| 999 |
_c79930 _d79929 |
||